秋田県の難読地名 30コ - Statistics

General Stats
  • This quiz has been taken 26 times
  • The average score is 5 of 30
Answer Stats
漢字 回答 % Correct
象潟(にかほ市) きさかた
83%
及位(由利本荘市) のぞき
65%
笑内(北秋田市) おかしない
61%
金浦(にかほ市) このうら
57%
吹越(能代市) ふっこし
43%
茨島(秋田市) ばらじま
35%
筬ノ目(湯沢市) おさのめ
30%
八橋(秋田市) やばし
17%
川反町(能代市) かわばたまち
17%
五十土(由利本荘市) いかづち
17%
鳰崎(秋田市) におざき
13%
二十六木(由利本荘市) とどろき
9%
葎沢(由利本荘市) むぐらさわ
9%
内越(由利本荘市) うてつ
4%
笹子(由利本荘市) じねご
4%
雪車町(由利本荘市) そりまち
4%
西風沢(秋田市) あっちざわ
0%
万町(能代市) あらまち
0%
太田面(能代市) おおたもて
0%
槐(能代市) さいかち
0%
塩干田(能代市) しおからだ
0%
外割田(能代市) とわりだ
0%
荷八田(能代市) にはた
0%
古川布(能代市) ふるかわしき
0%
剰水(横手市) せせなぎ
0%
樋脇(横手市) とよわき
0%
頭首沢(湯沢市) こうべさわ
0%
迯ケ沢(湯沢市) にがいがさわ
0%
木在(由利本荘市) きさら
0%
直根(由利本荘市) ひたね
0%
No matching quizzes found
Score Distribution
Percent of People with Each Score
Percentile by Number Answered
Your Score History
You have not taken this quiz